[Event "LEM 2008"]
[Site "?"]
[Date "2008.05.01"]
[Round "?"]
[White "Heyder, Florian"]
[Black "Nieber, Alexander"]
[Result "1-0"]
[WhiteElo "2005"]
[BlackElo "1829"]
[PlyCount "45"]
[EventDate "2008.??.??"]

1. e4 c5 2. Nf3 e6 3. c3 d5 4. exd5 Qxd5 5. Be2 Nc6 6. O-O Nf6 7. Na3 Be7 8.
Qc2 O-O 9. Rd1 Qe4 10. d3 Qf5 11. Nc4 Nd5 12. Ne3 Nxe3 13. Bxe3 Rd8 14. Qb3 Bf6
15. Qb5 Be7 16. Rd2 a6 17. Qb6 Qd5 18. a3 e5 19. Ng5 f5 $4 20. Bf3 Qd6 21. Qb3+
Be6 22. Qxe6+ Qxe6 23. Nxe6 1-0

[Event "LEM 2008"]
[Site "?"]
[Date "2008.05.01"]
[Round "?"]
[White "Rafayavych, Vilen"]
[Black "Brüggemann, Florian"]
[Result "1-0"]
[WhiteElo "1798"]
[BlackElo "2049"]
[PlyCount "115"]
[EventDate "2008.??.??"]

1. d4 g6 2. c4 Bg7 3. Nc3 d6 4. e4 e5 5. Nf3 Nc6 6. Bg5 f6 7. Bh4 h5 8. dxe5
dxe5 9. Qxd8+ Nxd8 10. Bg3 g5 11. h4 g4 12. Nd2 c6 13. c5 Ne6 14. b4 a5 15. b5
Nxc5 16. Nc4 Bf8 17. Nb6 Rb8 18. Nc4 cxb5 19. Nxe5 Ra8 20. Bxb5+ Nd7 21. Nxd7
Bxd7 22. Bxd7+ Kxd7 23. O-O-O+ Ke6 24. Nb5 Rc8+ 25. Nc7+ Kf7 26. Rd7+ Kg6 27.
Kb1 Rh7 28. Rhd1 Rxd7 29. Rxd7 b6 30. Bf4 Bh6 31. Bxh6 Nxh6 32. Ne6 Ng8 33.
Nf4+ Kh6 34. Rd5 Rc5 35. Rxc5 bxc5 36. Nd3 c4 37. Nb2 c3 38. Nc4 f5 39. exf5
Nf6 40. Nxa5 Ne4 41. Kc2 Nxf2 42. Kxc3 Kg7 43. Nc4 Kf6 44. Ne3 Ke5 45. a4 Ne4+
46. Kc4 Kf4 47. Kd4 Nf6 48. Nd5+ Nxd5 49. Kxd5 Kg3 50. f6 Kxg2 51. f7 g3 52.
f8=Q Kh3 53. Qf3 Kxh4 54. Ke4 g2 55. Qf2+ Kh3 56. Kf3 g1=N+ 57. Qxg1 h4 58.
Qg2# 1-0

[Event "LEM 2008"]
[Site "?"]
[Date "2008.05.01"]
[Round "?"]
[White "Schindler, Christian"]
[Black "Ozeran, Volodomyr"]
[Result "1-0"]
[WhiteElo "2117"]
[BlackElo "1950"]
[PlyCount "111"]
[EventDate "2008.??.??"]

1. c4 Nf6 2. Nc3 b6 3. Nf3 Bb7 4. g3 e6 5. Bg2 c5 6. O-O Be7 7. d4 cxd4 8. Nxd4
Bxg2 9. Kxg2 O-O 10. Bf4 Nh5 11. Bxb8 Qxb8 12. e4 Nf6 13. f4 Bb4 14. e5 Bxc3
15. exf6 Qb7+ 16. Kh3 Bxb2 17. Qg4 g6 18. Rad1 h6 19. f5 Kh7 20. fxg6+ fxg6 21.
f7 Kg7 22. Qf4 Rac8 23. Qf6+ Kh7 24. Qe7 Rc5 25. Qxf8 Rh5+ 26. Kg4 Qe4+ 27. Rf4
Rg5+ 28. Kh3 Rh5+ 29. Rh4 Rxh4+ 30. gxh4 Qe3+ 31. Kg2 Qe4+ 32. Nf3 Qe2+ 33. Kg3
Be5+ 34. Nxe5 Qxe5+ 35. Kf3 Qc3+ 36. Ke2 Qxc4+ 37. Rd3 Qe4+ 38. Kd2 Qf4+ 39.
Kc2 Qc4+ 40. Kb2 Qb5+ 41. Kc2 Qc4+ 42. Kb2 Qb5+ 43. Kc3 Qc6+ 44. Kd2 Qg2+ 45.
Ke3 Qh3+ 46. Kd4 Qxh4+ 47. Kc3 Qe1+ 48. Kb3 Qb1+ 49. Kc3 Qe1+ 50. Kc4 Qe4+ 51.
Rd4 Qc2+ 52. Kb5 Qe2+ 53. Rc4 Qe5+ 54. Ka6 Qa5+ 55. Kb7 Qd5+ 56. Kb8 1-0

[Event "LEM 2008"]
[Site "?"]
[Date "2008.05.01"]
[Round "?"]
[White "Nieber, Alexander"]
[Black "Ravayevich, Vilen"]
[Result "1/2-1/2"]
[WhiteElo "1798"]
[BlackElo "1829"]
[PlyCount "20"]
[EventDate "2008.??.??"]

1. g3 g6 2. Bg2 Bg7 3. Nf3 d6 4. O-O Nf6 5. c4 c5 6. d3 Nc6 7. Nc3 a6 8. e3 O-O
9. d4 Bg4 10. d5 Ne5 1/2-1/2

[Event "LEM 2008"]
[Site "?"]
[Date "2008.05.01"]
[Round "?"]
[White "Strache, Michael"]
[Black "Brüggemann, Florian"]
[Result "1-0"]
[WhiteElo "2157"]
[BlackElo "2049"]
[PlyCount "53"]
[EventDate "2008.??.??"]

1. d4 g6 2. c4 Bg7 3. Nc3 d6 4. e4 e5 5. Nf3 Nc6 6. Bg5 f6 7. Be3 Nge7 8. d5
Nb8 9. c5 a6 10. h4 O-O 11. h5 f5 12. hxg6 hxg6 13. cxd6 cxd6 14. Qb3 b5 15. a4
bxa4 16. Rxa4 Nd7 17. Ng5 Nf6 18. Bb6 Qe8 19. Bc7 Qd7 20. Ne6 Rf7 21. Bb5 axb5
22. Rxa8 fxe4 23. Qxb5 Qxb5 24. Nxb5 Nfxd5 25. Nxd6 Nxc7 26. Nxc7 Rf8 27. Nxc8
1-0

[Event "LEM 2008"]
[Site "?"]
[Date "2008.05.01"]
[Round "?"]
[White "Schellmann, Frank"]
[Black "Strache, Michael"]
[Result "1/2-1/2"]
[WhiteElo "2167"]
[BlackElo "2157"]
[PlyCount "126"]
[EventDate "2008.??.??"]

1. e4 c5 2. c3 d5 3. exd5 Qxd5 4. d4 Nf6 5. Nf3 Nc6 6. Bd3 cxd4 7. cxd4 e6 8.
Nc3 Qa5 9. a3 Nd5 10. Bd2 Be7 11. Be4 Qd8 12. O-O O-O 13. Bd3 Bf6 14. Qc2 g6
15. Bh6 Bg7 16. Bxg7 Kxg7 17. Rfd1 Rb8 18. Rac1 Kg8 19. Bf1 Bd7 20. Ne4 Qe7 21.
Qd2 Kg7 22. Nc5 Rfd8 23. b4 Qd6 24. b5 Nce7 25. Ne5 Be8 26. Qb2 Rdc8 27. g3 b6
28. Nc4 Qd8 29. Na6 Ra8 30. Bd3 f6 31. Be4 Bf7 32. Ne3 Rxc1 33. Rxc1 Rc8 34.
Nxd5 exd5 35. Bd3 Qd7 36. Nb4 Rxc1+ 37. Qxc1 Be8 38. Qe3 Kf7 39. h4 Qe6 40. Bf1
Qxe3 41. fxe3 Ke6 42. Bh3+ Kd6 43. a4 Bd7 44. Bxd7 Kxd7 45. Kf2 Kd6 46. Kf3 Nf5
47. Nd3 h6 48. Kf4 Ke6 49. Nb4 g5+ 50. hxg5 hxg5+ 51. Kf3 Kd6 52. Nc2 Ke6 53.
Nb4 Nd6 54. Nc6 Ne4 55. Nxa7 Nc3 56. g4 Nxa4 57. e4 Nc3 58. exd5+ Kxd5 59. Nc8
Nxb5 60. Nxb6+ Kc6 61. Nc4 Nxd4+ 62. Ke4 Kc5 63. Ne3 Nc6 1/2-1/2

[Event "LEM 2008"]
[Site "?"]
[Date "2008.05.01"]
[Round "?"]
[White "Ozeran, Volodymyr"]
[Black "Heyder, Florian"]
[Result "0-1"]
[WhiteElo "1950"]
[BlackElo "2005"]
[PlyCount "43"]
[EventDate "2008.??.??"]

1. f4 c5 2. Nf3 e6 3. e3 Nf6 4. b3 b6 5. Bb2 Bb7 6. Be2 Be7 7. O-O d6 8. c4 O-O
9. Nc3 Nc6 10. a3 d5 11. cxd5 Nxd5 12. Nxd5 exd5 13. d4 Re8 14. Ne5 f6 15. Nxc6
Bxc6 16. Bd3 Bf8 17. Rf3 Bd7 18. Rg3 g6 19. Qh5 f5 20. dxc5 Bg7 21. Bxg7 Kxg7
22. Qf3 {Weiss verliert wegen Handy klingeln} 0-1

[Event "LEM 2008"]
[Site "?"]
[Date "2008.05.01"]
[Round "?"]
[White "Schellmann, Frank"]
[Black "Schindler, Christian"]
[Result "1/2-1/2"]
[WhiteElo "2167"]
[BlackElo "2117"]
[PlyCount "49"]
[EventDate "2008.??.??"]

1. e4 Nf6 2. e5 Nd5 3. d4 d6 4. c4 Nb6 5. f4 dxe5 6. fxe5 Nc6 7. Be3 Bf5 8. Nc3
e6 9. Nf3 Be7 10. d5 exd5 11. cxd5 Nb4 12. Nd4 Bd7 13. Qf3 c5 14. dxc6 bxc6 15.
Be2 c5 16. O-O O-O 17. Nf5 Nc2 18. Rad1 Nxe3 19. Qxe3 Qe8 20. Qg3 Bxf5 21. Rxf5
Rd8 22. Rff1 Rxd1 23. Rxd1 Qc6 24. Bf3 Qg6 25. Qf2 1/2-1/2

[Event "LEM 2008"]
[Site "?"]
[Date "2008.05.02"]
[Round "?"]
[White "Heyder, Florian"]
[Black "Schellmann, Frank"]
[Result "0-1"]
[WhiteElo "2005"]
[BlackElo "2167"]
[PlyCount "54"]
[EventDate "2008.??.??"]

1. Nc3 e5 2. Nf3 Nc6 3. d4 exd4 4. Nxd4 Nf6 5. Bg5 Bb4 6. Nxc6 bxc6 7. Qd4 Be7
8. e4 O-O 9. Bd3 Ng4 10. h4 d6 11. Bxe7 Qxe7 12. f3 Ne5 13. O-O-O Be6 14. Be2
c5 15. Qd2 Nc6 16. Nd5 Qd8 17. h5 Nd4 18. h6 g6 19. Kb1 Rb8 20. c3 Nxe2 21.
Qxe2 Bxd5 22. Rxd5 f6 23. Rhd1 Qc8 24. f4 Re8 25. Qc4 Qe6 26. e5 c6 27. f5 cxd5
0-1

[Event "LEM 2008"]
[Site "?"]
[Date "2008.05.02"]
[Round "?"]
[White "Brüggemann, Florian"]
[Black "Nieber, Alexander"]
[Result "0-1"]
[WhiteElo "2049"]
[BlackElo "1829"]
[PlyCount "156"]
[EventDate "2008.??.??"]

1. e4 c5 2. Nf3 e6 3. d4 cxd4 4. Nxd4 Nc6 5. Nc3 a6 6. Be3 Qc7 7. Be2 Bb4 8.
O-O Bxc3 9. bxc3 Nf6 10. f3 Ne5 11. Qe1 Nc4 12. Bf2 O-O 13. Kh1 d5 14. Bg3 Qc5
15. Nb3 Qc6 16. e5 Nh5 17. Nd4 Nxg3+ 18. Qxg3 Qc7 19. f4 Nd2 20. Bd3 Nxf1 21.
Rxf1 f5 22. exf6 Rxf6 23. Qh3 Rh6 24. Qf3 Qf7 25. Qe2 Rf6 26. g3 Bd7 27. Nf3
Qh5 28. Qg2 Bb5 29. g4 Qe8 30. Ne5 Bxd3 31. cxd3 Qb5 32. g5 Rf5 33. c4 dxc4 34.
dxc4 Qb6 35. Qc2 Qe3 36. Ng4 Qh3 37. Qe2 Re8 38. Ne3 Rff8 39. Kg1 h6 40. Rf3
Qh5 41. gxh6 Qxh6 42. Ng2 e5 43. f5 Qh5 44. Ne3 e4 45. Rf2 Qxe2 46. Rxe2 Re5
47. Kg2 g6 48. fxg6 Rg5+ 49. Kh1 Rxg6 50. Rg2 Kg7 51. Rxg6+ Kxg6 52. Kg2 Rf3
53. Nd5 Ra3 54. Kf2 Rxa2+ 55. Ke3 Kf5 56. Ne7+ Ke6 57. Nd5 Ke5 58. h4 Ra3+ 59.
Ke2 Rh3 60. Ne7 Kd4 61. Nf5+ Kxc4 62. Nd6+ Kd4 63. Nxb7 Rxh4 64. Nd6 Rh2+ 65.
Kf1 Kd3 66. Nb7 Kd2 67. Nc5 e3 68. Ne4+ Kc1 69. Ng3 a5 70. Ke1 a4 71. Ne2+
Rxe2+ 72. Kf1 Kd2 73. Kg1 Rf2 74. Kh1 Ke2 75. Kg1 Kf3 76. Kh1 Kg3 77. Kg1 Rf8
78. Kh1 Rf1# 0-1

[Event "LEM 2008"]
[Site "?"]
[Date "2008.05.02"]
[Round "?"]
[White "Rafayevych, Vilen"]
[Black "Ozeran, Volodymyr"]
[Result "0-1"]
[WhiteElo "1798"]
[BlackElo "1950"]
[PlyCount "116"]
[EventDate "2008.??.??"]

1. d4 Nf6 2. c4 e6 3. Nf3 b6 4. a3 Bb7 5. Nc3 d5 6. Bg5 Be7 7. cxd5 Nxd5 8.
Bxe7 Qxe7 9. Qc2 O-O 10. e3 Nd7 11. Bd3 N5f6 12. e4 e5 13. d5 Rfc8 14. O-O c6
15. dxc6 Bxc6 16. Qe2 Nc5 17. Bc2 a5 18. Rfd1 Rd8 19. Nd2 Ne6 20. Nf3 Qc5 21.
Na4 Nf4 22. Nxc5 Nxe2+ 23. Kf1 Nd4 24. Nxd4 exd4 25. Nb3 Bb5+ 26. Bd3 Ba4 27.
e5 Bxb3 28. exf6 Bxd1 29. Rxd1 g6 30. Ke2 Rd6 31. Kd2 Rxf6 32. f3 Rc8 33. Ba6
Rc7 34. Bd3 Re6 35. Be4 Kg7 36. g4 Rc5 37. Rg1 Kf6 38. Kd3 Rd6 39. f4 h6 40. h4
Rb5 41. Rg2 Rb3+ 42. Kc2 Re3 43. Bd3 Rh3 44. g5+ Kg7 45. gxh6+ Kxh6 46. Rg5
Rh2+ 47. Kb3 f5 48. Rg3 Kh5 49. Rg5+ Kxh4 50. Ka4 Rf2 51. Rg1 Rxf4 52. Kb5 Rf6
53. Bc2 Rf3 54. Rh1+ Kg5 55. b4 axb4 56. axb4 d3 57. Bd1 Rf2 58. Ka6 d2 0-1

[Event "LEM 2008"]
[Site "?"]
[Date "2008.05.02"]
[Round "?"]
[White "Ozeran, Volodymyr"]
[Black "Brüggemann, Florian"]
[Result "0-1"]
[WhiteElo "1950"]
[BlackElo "2049"]
[PlyCount "68"]
[EventDate "2008.??.??"]

1. c4 g6 2. Nc3 Bg7 3. g3 f5 4. Bg2 Nf6 5. e3 O-O 6. Nge2 d6 7. O-O c6 8. Rb1
e5 9. d4 Qe8 10. b4 Nbd7 11. dxe5 dxe5 12. b5 e4 13. Ba3 c5 14. Nf4 b6 15. Ncd5
Qf7 16. Nc7 Rb8 17. Nfe6 Ne5 18. Na6 Bxe6 19. Nxb8 Rxb8 20. Qd6 Re8 21. Qxe5
Bxc4 22. Qc3 Nd7 23. Qd2 Bxa2 24. Rbd1 Ne5 25. f3 Bc4 26. fxe4 Bxf1 27. Rxf1
Nc4 28. Qd3 Nxe3 29. exf5 Nxf1 30. fxg6 hxg6 31. Qxf1 Bd4+ 32. Kh1 Qxf1+ 33.
Bxf1 Re1 34. Kg2 Ra1 0-1

[Event "LEM 2008"]
[Site "?"]
[Date "2008.05.02"]
[Round "?"]
[White "Schindler, Christian"]
[Black "Heyder, Florian"]
[Result "1/2-1/2"]
[WhiteElo "2117"]
[BlackElo "2005"]
[PlyCount "48"]
[EventDate "2008.??.??"]

1. c4 b6 2. Nf3 e6 3. g3 Bb7 4. Bg2 Nf6 5. O-O c5 6. Nc3 a6 7. d4 cxd4 8. Nxd4
Bxg2 9. Kxg2 Qc7 10. Qa4 Bc5 11. Nf3 Nc6 12. Bf4 Qb7 13. Rad1 O-O 14. e4 Rfd8
15. a3 Be7 16. Rd2 b5 17. cxb5 axb5 18. Qxb5 Qxb5 19. Nxb5 Nxe4 20. Rc2 g5 21.
Bc7 Rdc8 22. Rd1 g4 23. Ng1 Nf6 24. Bd6 Kf8 1/2-1/2

[Event "LEM 2008"]
[Site "?"]
[Date "2008.05.02"]
[Round "?"]
[White "Strache, Michael"]
[Black "Nieber, Alexander"]
[Result "1-0"]
[WhiteElo "2157"]
[BlackElo "1829"]
[PlyCount "97"]
[EventDate "2008.??.??"]

1. Nf3 c5 2. g3 d5 3. Bg2 Nc6 4. O-O e5 5. d3 Nf6 6. e4 dxe4 7. dxe4 Qxd1 8.
Rxd1 Be7 9. Na3 Bg4 10. h3 Be6 11. Ng5 Bd7 12. Nc4 b5 13. Ne3 h6 14. Nf3 O-O-O
15. Ne1 c4 16. Nd5 Bc5 17. c3 Rhe8 18. b4 cxb3 19. axb3 Ne7 20. Nxf6 gxf6 21.
Bxh6 Bc6 22. b4 Bb6 23. Nc2 f5 24. exf5 Bxg2 25. Kxg2 Nxf5 26. Bg5 Rd6 27. Ne3
Nxe3+ 28. Bxe3 Red8 29. Rxd6 Rxd6 30. Bxb6 axb6 31. Re1 f6 32. h4 Rd3 33. Re3
Rd5 34. f4 exf4 35. gxf4 Kd7 36. Kg3 Rd1 37. Kg4 Rg1+ 38. Kf5 Rh1 39. Kxf6 Rxh4
40. Rd3+ Ke8 41. f5 Rc4 42. Rg3 Kf8 43. Rh3 Rc6+ 44. Ke5 Kf7 45. Rg3 Ke7 46.
Rg7+ Kf8 47. Rg6 Rxc3 48. Rxb6 Re3+ 49. Kd4 1-0

[Event "LEM 2008"]
[Site "?"]
[Date "2008.05.02"]
[Round "?"]
[White "Schellmann, Frank"]
[Black "Rafayevich, Vilen"]
[Result "1-0"]
[WhiteElo "2167"]
[BlackElo "1798"]
[PlyCount "163"]
[EventDate "2008.??.??"]

1. e4 c5 2. Nf3 Nc6 3. Bb5 a6 4. Bxc6 bxc6 5. O-O d5 6. d3 e6 7. c4 Bd6 8. Nc3
Ne7 9. Re1 d4 10. Na4 e5 11. b3 O-O 12. Ba3 Qa5 13. Qd2 Qxd2 14. Nxd2 Ng6 15.
g3 Bc7 16. Bxc5 Re8 17. Bb6 Bxb6 18. Nxb6 Rb8 19. Nxc8 Rexc8 20. Rf1 c5 21. f4
f6 22. Kg2 Kf7 23. Kf3 Ke7 24. Kg4 Kd6 25. h4 a5 26. Rf2 Rc7 27. Raf1 h6 28.
Nb1 Ne7 29. Na3 Rcb7 30. Nb5+ Ke6 31. fxe5 Kxe5 32. Kh3 Ke6 33. g4 Nc6 34. g5
hxg5 35. hxg5 Rh8+ 36. Kg3 fxg5 37. Rf5 Ne5 38. Rxe5+ Kxe5 39. Rf5+ Ke6 40.
Rxc5 Rd7 41. Rxg5 Rh1 42. Rg6+ Kf7 43. Ra6 Rd1 44. e5 Rxd3+ 45. Kf4 Re7 46.
Nd6+ Kg8 47. Rxa5 Rd2 48. Rd5 Rxa2 49. Ke4 Rb2 50. Nf5 Rf7 51. Nxd4 g5 52. e6
Rf4+ 53. Ke5 Kf8 54. Nf5 Rxf5+ 55. Kxf5 Rxb3 56. Rd8+ Ke7 57. Rd7+ Ke8 58. Kxg5
Rc3 59. Rc7 Re3 60. Kf5 Re1 61. Rc5 Ke7 62. Rc7+ Ke8 63. c5 Rf1+ 64. Ke5 Re1+
65. Kd6 Rd1+ 66. Kc6 Re1 67. e7 Rb1 68. Rb7 Rc1 69. Kb6 Rb1+ 70. Ka7 Rc1 71.
Kb6 Rb1+ 72. Kc7 Rc1 73. c6 Kxe7 74. Rb2 Rc3 75. Re2+ Kf7 76. Kb7 Rb3+ 77. Kc8
Rc3 78. c7 Rc1 79. Re4 Kf6 80. Kd7 Rd1+ 81. Kc6 Rc1+ 82. Kd6 1-0

[Event "LEM 2008"]
[Site "?"]
[Date "2008.05.03"]
[Round "?"]
[White "Brüggemann, Florian"]
[Black "Schellmann, Frank"]
[Result "1/2-1/2"]
[WhiteElo "2049"]
[BlackElo "2167"]
[PlyCount "84"]
[EventDate "2008.??.??"]

1. e4 c5 2. Nf3 Nc6 3. Bc4 e6 4. Qe2 a6 5. c3 Nge7 6. Bb3 d5 7. d3 Na5 8. Bc2
Ng6 9. O-O Be7 10. d4 cxd4 11. Nxd4 O-O 12. f4 dxe4 13. Bxe4 Qc7 14. b4 Nc4 15.
Bd3 Nb6 16. g3 Nd5 17. Bb2 Bf6 18. a3 b5 19. Rc1 Bb7 20. Nd2 e5 21. fxe5 Bxe5
22. Be4 Nf6 23. Bf3 Rae8 24. Qg2 Bxf3 25. N4xf3 Qa7+ 26. Qf2 Qxf2+ 27. Kxf2
Ng4+ 28. Kg1 Bb8 29. Re1 N6e5 30. Nd4 Nd3 31. Reb1 Nge5 32. a4 Nc4 33. Nxc4
bxc4 34. b5 Nxb2 35. Rxb2 axb5 36. axb5 Re3 37. Rc2 Be5 38. Ne2 g6 39. Ra4 Rb8
40. Rxc4 Rxb5 41. Kf2 Rd3 42. Rc8+ Kg7 1/2-1/2

[Event "LEM 2008"]
[Site "?"]
[Date "2008.05.03"]
[Round "?"]
[White "Rafaevich, Vilen"]
[Black "Schindler, Christian"]
[Result "0-1"]
[WhiteElo "1798"]
[BlackElo "2117"]
[PlyCount "178"]
[EventDate "2008.??.??"]

1. Nf3 Nf6 2. d4 c5 3. d5 d6 4. c4 b5 5. cxb5 a6 6. bxa6 Bxa6 7. Nc3 g6 8. e4
Bxf1 9. Kxf1 Nbd7 10. h3 Bg7 11. g3 O-O 12. Kg2 Qb6 13. Re1 Rfb8 14. Qe2 Ne8
15. Nd2 Nc7 16. Nc4 Qa6 17. a4 Rb4 18. Na3 Qxe2 19. Rxe2 Nb6 20. Nc2 Rb3 21.
Ra3 Rxa3 22. Nxa3 Nxa4 23. Nxa4 Rxa4 24. b3 Rd4 25. Bb2 Rd3 26. Bxg7 Kxg7 27.
Rb2 Na6 28. Kf1 Rd4 29. Re2 Nb4 30. Re3 Rd1+ 31. Re1 Rxe1+ 32. Kxe1 Nd3+ 33.
Kf1 Nc1 34. b4 cxb4 35. Nc4 Nd3 36. Ke2 Nc5 37. f3 f5 38. Ke3 fxe4 39. fxe4 Kf6
40. Kd4 Nb3+ 41. Kd3 Nc5+ 42. Kd4 e5+ 43. Ke3 Ke7 44. Nb2 Kd7 45. Nd3 Na6 46.
Kd2 Kc7 47. Nb2 Nc5 48. Ke3 b3 49. Nc4 Kd7 50. Nb6+ Kd8 51. Nc4 Kc7 52. h4 h5
53. Nb2 Kb6 54. Nc4+ Kb5 55. Nxd6+ Kb4 56. Kd2 Na4 57. Kc1 Kc3 58. Nb5+ Kd3 59.
d6 Nc5 60. Kb2 Kxe4 61. Kc3 Kf3 62. Kc4 b2 63. Nc3 Nd7 64. Kd5 Kxg3 65. Ke6 Nb6
66. Kxe5 Kxh4 67. Ke4 g5 68. Kf3 g4+ 69. Kg2 Nd7 70. Kh2 Kg5 71. Ne4+ Kf4 72.
Nd2 h4 73. Kg2 Kf5 74. Kf2 Nb6 75. Kg2 Ke6 76. Kf2 Kxd6 77. Ke3 Ke5 78. Nb1 Kf5
79. Ke2 Kf4 80. Kf2 Nc4 81. Nc3 Na3 82. Ne2+ Kg5 83. Nc3 b1=Q 84. Nxb1 Nxb1 85.
Ke3 h3 86. Kf2 Kf4 87. Kg1 g3 88. Kh1 g2+ 89. Kh2 Kf3 0-1

[Event "LEM 2008"]
[Site "?"]
[Date "2008.05.03"]
[Round "?"]
[White "Nieber, Alexander"]
[Black "Ozeran, Volodymyr"]
[Result "0-1"]
[WhiteElo "1829"]
[BlackElo "1950"]
[PlyCount "114"]
[EventDate "2008.??.??"]

1. d4 Nf6 2. c4 e6 3. Nc3 Bb4 4. Qc2 b6 5. a3 Be7 6. Nf3 Bb7 7. Bg5 h6 8. Bh4
d5 9. Bxf6 Bxf6 10. cxd5 exd5 11. e3 O-O 12. b4 Qe7 13. Na4 Rc8 14. Bd3 c5 15.
Bf5 Rc7 16. Rc1 c4 17. O-O g6 18. Bh3 Bc6 19. Nc3 b5 20. g3 Nd7 21. Bg2 a5 22.
Qb2 Qd6 23. Ne1 axb4 24. axb4 Nb6 25. Nc2 Na4 26. Nxa4 Rxa4 27. Ra1 Raa7 28.
Rxa7 Rxa7 29. Ra1 Qc7 30. Ra3 Be7 31. Qa1 Ra4 32. Rxa4 bxa4 33. Qb2 Qb7 34. Qa3
Bd7 35. Qc3 Bf5 36. e4 Be6 37. exd5 Bxd5 38. Bxd5 Qxd5 39. Ne3 Qb5 40. Nc2 h5
41. h4 Bd6 42. Kg2 Qd5+ 43. Kg1 Qe6 44. Ne3 Qe4 45. Qxc4 Qb1+ 46. Kg2 Qxb4 47.
Qc8+ Kg7 48. Qd8 Qxd4 49. Nf5+ gxf5 50. Qg5+ Kh8 51. Qxh5+ Kg8 52. Qxf5 a3 53.
Qg5+ Qg7 54. Qd2 Qf6 55. Qc2 Qe6 56. Qd2 Be7 57. Qa5 a2 0-1

[Event "LEM 2008"]
[Site "?"]
[Date "2008.05.03"]
[Round "?"]
[White "Schellmann, Frank"]
[Black "Nieber, Alexander"]
[Result "1/2-1/2"]
[WhiteElo "2167"]
[BlackElo "1829"]
[PlyCount "63"]
[EventDate "2008.??.??"]

1. e4 c5 2. Nf3 e6 3. c3 d5 4. exd5 Qxd5 5. d4 Nc6 6. Na3 cxd4 7. Nb5 Bd6 8.
Bc4 Qe4+ 9. Be3 Bb8 10. Bd3 Qd5 11. Nbxd4 Nf6 12. c4 Qa5+ 13. Bd2 Qd8 14. Bc3
Nxd4 15. Nxd4 O-O 16. Qe2 a6 17. O-O-O Bf4+ 18. Kb1 Qc7 19. g3 Bd6 20. Nf3 Bd7
21. Ng5 e5 22. Ne4 Nxe4 23. Bxe4 f5 24. Bd5+ Kh8 25. Rhe1 e4 26. Qd2 Bc5 27. b4
Be7 28. Bxb7 Rad8 29. Bd5 Bc6 30. Qb2 Bf6 31. Bxf6 Rxf6 32. Bxc6 1/2-1/2

[Event "LEM 2008"]
[Site "?"]
[Date "2008.05.03"]
[Round "?"]
[White "Schindler, Christian"]
[Black "Brüggemann, Florian"]
[Result "1-0"]
[WhiteElo "2117"]
[BlackElo "2049"]
[PlyCount "53"]
[EventDate "2008.??.??"]

1. c4 g6 2. g3 Bg7 3. Bg2 d6 4. d4 e5 5. dxe5 dxe5 6. Qxd8+ Kxd8 7. Nc3 c6 8.
e4 Be6 9. b3 Nd7 10. Nge2 Ne7 11. O-O f5 12. Bb2 g5 13. exf5 Nxf5 14. Ne4 h6
15. Rad1 Kc7 16. Rd2 Rad8 17. Rfd1 c5 18. Bh3 b6 19. Nd6 Nxd6 20. Bxe6 Nf8 21.
Bh3 Nb7 22. Nc3 Rxd2 23. Nb5+ Kb8 24. Rxd2 a6 25. Nd6 Nd8 26. Nf5 Bf6 27. Rxd8+
1-0

[Event "LEM 2008"]
[Site "?"]
[Date "2008.05.03"]
[Round "?"]
[White "Heyder, Florian"]
[Black "Rafayevich, Vilen"]
[Result "1-0"]
[WhiteElo "2005"]
[BlackElo "1798"]
[PlyCount "161"]
[EventDate "2008.??.??"]

1. e4 Nf6 2. e5 Nd5 3. d4 d6 4. c4 Nb6 5. exd6 cxd6 6. Nc3 g6 7. Be3 Bg7 8. Rc1
O-O 9. Nf3 Nc6 10. Be2 e5 11. O-O f5 12. dxe5 dxe5 13. c5 Qxd1 14. Rfxd1 Nd7
15. Nb5 Nf6 16. Bc4+ Kh8 17. Nc7 Rb8 18. Ng5 h6 19. Nge6 Bxe6 20. Nxe6 Rfe8 21.
Nxg7 Kxg7 22. Rd6 f4 23. Bd2 Rbd8 24. Rxd8 Rxd8 25. Be1 Nd4 26. b4 Nd5 27. f3
Nf6 28. b5 Rc8 29. Bd3 g5 30. Kf2 h5 31. Bb4 g4 32. Re1 Nd5 33. Ba3 Kf6 34. Rc1
Ne3 35. Bb2 Nd5 36. Be4 Nb4 37. a3 Na2 38. Ra1 g3+ 39. hxg3 fxg3+ 40. Ke1 Rxc5
41. Bxd4 exd4 42. Rxa2 Rxb5 43. Kd2 Ke5 44. a4 Rb4 45. Ra1 Kf4 46. Bc2 Kg5 47.
Rf1 d3 48. Kxd3 Rh4 49. Ke3 Rc4 50. f4+ Kf6 51. Kd3 Rc5 52. Rb1 Rd5+ 53. Ke3
Rc5 54. Bd3 Ra5 55. Rb4 h4 56. Kf3 Rh5 57. Rxb7 h3 58. gxh3 Rxh3 59. Kg2 Rh2+
60. Kxg3 Ra2 61. Bb5 a5 62. Ra7 Ra3+ 63. Kg4 Ra1 64. Rxa5 Rg1+ 65. Kf3 Ke7 66.
Ra7+ Kd6 67. Rd7+ Kc5 68. f5 Rg8 69. f6 Rf8 70. f7 Kb6 71. Kf4 Rh8 72. Kg5 Ka5
73. Kg6 Kb6 74. Kg7 Rh1 75. f8=Q Rg1+ 76. Kf7 Ka5 77. Ra7+ Kb6 78. Ra6+ Kc7 79.
Qd6+ Kb7 80. Qc6+ Kb8 81. Ra8# 1-0

[Event "LEM 2008"]
[Site "?"]
[Date "2008.05.04"]
[Round "?"]
[White "Nieber, Alexander"]
[Black "Schindler, Christian"]
[Result "1/2-1/2"]
[WhiteElo "1829"]
[BlackElo "2117"]
[PlyCount "39"]
[EventDate "2008.??.??"]

1. d4 Nf6 2. c4 c5 3. d5 b5 4. cxb5 a6 5. bxa6 g6 6. Nc3 Bxa6 7. Nf3 d6 8. Nd2
Bg7 9. e4 Bxf1 10. Nxf1 O-O 11. Ne3 Nbd7 12. O-O Qb6 13. Qc2 Rfb8 14. Rb1 Ne8
15. a3 Qb3 16. Bd2 Qxc2 17. Nxc2 Rb3 18. Na1 Rb7 19. Nc2 Rb3 20. Na1 1/2-1/2

[Event "LEM 2008"]
[Site "?"]
[Date "2008.05.03"]
[Round "?"]
[White "Strache, Michael"]
[Black "Ozeran, Voldymyr"]
[Result "1-0"]
[WhiteElo "2157"]
[BlackElo "1950"]
[PlyCount "143"]
[EventDate "2008.??.??"]

1. d4 Nf6 2. c4 e6 3. g3 Bb4+ 4. Bd2 Qe7 5. Bg2 Bxd2+ 6. Qxd2 d5 7. Nc3 c6 8.
Nf3 Nbd7 9. cxd5 exd5 10. O-O O-O 11. Qf4 Re8 12. Rfc1 Nf8 13. Ne5 Ne6 14. Qd2
Nxd4 15. Qxd4 Qxe5 16. Qxe5 Rxe5 17. e3 Bf5 18. Ne2 Rae8 19. b4 Bd3 20. Nd4 Ne4
21. a4 Bc4 22. Ra3 Nd6 23. Bf3 f5 24. Bg2 g6 25. b5 c5 26. Nf3 R5e7 27. Nd2 Kg7
28. Nxc4 Nxc4 29. Rd3 b6 30. Rxd5 Na5 31. h4 Re5 32. Rd7+ R8e7 33. Rd8 Rc7 34.
Kf1 Ree7 35. Ke1 Rcd7 36. Rd1 Rxd1+ 37. Kxd1 Kf6 38. Kc2 Nc4 39. Bf1 Ne5 40.
Be2 Rd7 41. Rf8+ Rf7 42. Rc8 Rd7 43. a5 Ke7 44. axb6 axb6 45. f4 Nf7 46. Rb8
Rd6 47. Rb7+ Kf8 48. Bd3 h5 49. e4 fxe4 50. Bxe4 Nd8 51. Rb8 Ke7 52. f5 Rd4 53.
Bf3 gxf5 54. Bxh5 Rd6 55. Be2 Ne6 56. Rb7+ Kf6 57. Bd3 Nd4+ 58. Kc3 Nf3 59. Rh7
Kg6 60. Rh8 Ne5 61. Bc2 Ng4 62. h5+ Kg5 63. Rg8+ Kxh5 64. Bxf5 Ne3 65. Be4 Nd5+
66. Bxd5 Rxd5 67. g4+ Kh6 68. Rc8 Rd4 69. Rc6+ Kg5 70. Rxb6 Rb4 71. Rb8 Kxg4
72. b6 1-0

[Event "LEM 2008"]
[Site "?"]
[Date "2008.05.04"]
[Round "?"]
[White "Brüggemann, Florian"]
[Black "Heyder, Florian"]
[Result "0-1"]
[WhiteElo "2049"]
[BlackElo "2005"]
[PlyCount "84"]
[EventDate "2008.??.??"]

1. g3 e5 2. Bg2 d5 3. d3 Be6 4. c4 c6 5. Nf3 Bd6 6. b3 f6 7. Nbd2 Ne7 8. a3 Qd7
9. h4 a5 10. Rb1 Na6 11. e3 Nc5 12. d4 Nd3+ 13. Kf1 e4 14. Ne1 Bg4 15. f3 exf3
16. Bxf3 Bxf3 17. Qxf3 Nxc1 18. c5 Nxb3 19. Rxb3 Bb8 20. g4 O-O 21. Ke2 f5 22.
g5 f4 23. Qh3 Nf5 24. Nef3 fxe3 25. Rxe3 Qd8 26. Ne5 Nxe3 27. Qe6+ Kh8 28. Kxe3
Bxe5 29. dxe5 Qe8 30. Qxe8 Raxe8 31. Nf3 Kg8 32. Rb1 Re7 33. Re1 Kf7 34. h5 Ke8
35. g6 h6 36. Rh1 Rf5 37. Rh4 Kd7 38. Ra4 Rxh5 39. Kf4 Rh1 40. Rxa5 Rf1 41. Ra7
Kc7 42. Ra8 Rxf3+ 0-1

[Event "LEM 2008"]
[Site "?"]
[Date "2008.05.04"]
[Round "?"]
[White "Rafayevich, Vilen"]
[Black "Strache, Michael"]
[Result "0-1"]
[WhiteElo "1798"]
[BlackElo "2157"]
[PlyCount "98"]
[EventDate "2008.??.??"]

1. d4 d5 2. Nf3 Nf6 3. c4 c6 4. Nc3 e6 5. Bg5 h6 6. Bh4 dxc4 7. e4 g5 8. Bg3 b5
9. h4 g4 10. Ne5 Rg8 11. Be2 Bb7 12. Nxg4 Nbd7 13. Nxf6+ Qxf6 14. e5 Qf5 15.
Bf3 Bb4 16. O-O O-O-O 17. a3 Bxc3 18. bxc3 Nb6 19. Qb1 Qxb1 20. Rfxb1 Na4 21.
Rc1 c5 22. Bh5 Rg7 23. Rab1 a6 24. Bd1 Be4 25. Ra1 cxd4 26. Bxa4 bxa4 27. cxd4
Rxd4 28. Rd1 Rxd1+ 29. Rxd1 Bd5 30. Kh2 Kd7 31. f3 Rg8 32. Rb1 c3 33. Rc1 Rc8
34. Be1 c2 35. Bd2 h5 36. Kg3 Rg8+ 37. Kf2 Bb3 38. Rg1 Kc6 39. Ke3 Kd5 40. Bc3
Rxg2 41. Rh1 Rh2 42. Rg1 Rxh4 43. Bb2 Rc4 44. Kd2 h4 45. Rh1 h3 46. Rxh3 c1=Q+
47. Bxc1 Rc2+ 48. Kd3 Rxc1 49. f4 Rc4 0-1